Statystyki dla Kadra rep. Anglii na EURO 2016

Kliknij tutaj aby rozwiązać quiz!

Ogólne statystyki

  • Ten quiz został rozwiązany 98 razy
  • Średni wynik to 14 z 24

Statystyki odpowiedzi

pozycja#klubpiłkarz% Poprawnych
N9TottenhamHarry Kane
95%
B1Manchester CityJoe Hart
92%
N11LeicesterJamie Vardy
90%
N (C)10Manchester UnitedWayne Rooney
90%
P14LiverpoolJordan Henderson
79%
P7Manchester CityRaheem Sterling
75%
P4LiverpoolJames Milner
74%
N22Manchester UnitedMarcus Rashford
74%
P20TottenhamDele Alli
69%
O2TottenhamKyle Walker
69%
P17TottenhamEric Dier
65%
N15LiverpoolDaniel Sturridge
63%
O5ChelseaGary Cahill
61%
O3TottenhamDanny Rose
55%
O6Manchester UnitedChris Smalling
54%
B13SouthamptonFraser Forster
46%
P8LiverpoolAdam Lallana
44%
O12LiverpoolNathaniel Clyne
43%
O16EvertonJohn Stones
40%
P18ArsenalJack Wilshere
37%
B23BurnleyTom Heaton
33%
Selekcjoner--Roy Hodgson
32%
P19EvertonRoss Barkley
20%
O21SouthamptonRyan Bertrand
20%

Rozkład punktacji

Percentyl według liczby udzielonych odpowiedzi

Procent ludzi z każdym wynikiem

Twoja historia wyników

Nie rozwiązałeś tego quizu